[Event "FBL O"]
[Site "Deutschland"]
[Date "2009.11.08"]
[Round "2.4"]
[White "Flemming, Peggy"]
[Black "Bade, Heidrun"]
[Result "1/2-1/2"]
[WhiteElo "1643"]
[BlackElo "1932"]
[PlyCount "55"]
[EventDate "2009.11.07"]
[EventType "team"]
[EventCountry "GER"]
[WhiteTeam "SG Grün-Weiß Dresden"]
[BlackTeam "USV Potsdam"]

1. d4 d5 2. c4 e6 3. Nc3 Nf6 4. e3 Be7 5. Nf3 O-O 6. Bd3 b6 7. cxd5 exd5 8. O-O
Bb7 9. Qc2 Nbd7 10. b3 c5 11. Qe2 Ne4 12. Bb2 Re8 13. Rad1 Bf6 14. Ba6 Nxc3 15.
Bxc3 Bxa6 16. Qxa6 Qc7 17. Rc1 Re6 18. Ba1 Rc6 19. Nd2 Re8 20. Qb5 Qc8 21. a4
a6 22. Qd3 g6 23. f4 Rce6 24. Rf3 Qb7 25. Rcf1 cxd4 26. Bxd4 Bxd4 27. Qxd4 Rf6
28. Rh3 1/2-1/2

[Event "FBL O"]
[Site "Deutschland"]
[Date "2009.12.05"]
[Round "3.2"]
[White "Lorenz, Nicole"]
[Black "Levushkina, Elena"]
[Result "0-1"]
[WhiteElo "1889"]
[BlackElo "2307"]
[PlyCount "44"]
[EventDate "2009.11.07"]
[EventType "team"]
[EventCountry "GER"]
[WhiteTeam "SG Grün-Weiß Dresden"]
[BlackTeam "BSV Weißblau Allianz Leipzig"]

1. e4 b6 2. d4 Bb7 3. Bd3 Nc6 4. c3 e5 5. dxe5 Nxe5 6. Bc2 Qe7 7. Ne2 Nf6 8.
Bg5 h6 9. Bxf6 Qxf6 10. a4 a5 11. Nd4 Ba6 12. Nd2 Be7 13. N2f3 O-O 14. Nxe5
Qxe5 15. Nf3 Qe6 16. Nd4 Qg6 17. Qf3 Bb7 18. O-O Bc5 19. Qf5 Qxf5 20. Nxf5 Rfe8
21. Rfe1 Re5 22. Kh1 Bxf2 0-1

[Event "FBL O"]
[Site "Deutschland"]
[Date "2009.12.05"]
[Round "3.3"]
[White "Matras Clement, Agnieszka"]
[Black "Kosovska, Olena"]
[Result "1-0"]
[WhiteElo "2231"]
[BlackElo "1850"]
[PlyCount "69"]
[EventDate "2009.11.07"]
[EventType "team"]
[EventCountry "GER"]
[WhiteTeam "BSV Weißblau Allianz Leipzig"]
[BlackTeam "SG Grün-Weiß Dresden"]

1. e4 c5 2. Nc3 Nc6 3. f4 d6 4. Nf3 Nf6 5. Bc4 e6 6. d3 Be7 7. O-O O-O 8. Qe1
d5 9. Bb3 dxe4 10. Nxe4 Nd4 11. Nxd4 cxd4 12. Bd2 b6 13. Qg3 Nxe4 14. dxe4 Bh4
15. Qd3 Bb7 16. Rad1 Be7 17. f5 exf5 18. Rxf5 Qd6 19. Rdf1 Kh8 20. Rxf7 Rxf7
21. Rxf7 Bc6 22. Bf4 Qc5 23. Rf5 Qb4 24. Bg3 Bc5 25. Bf2 Bb5 26. Qg3 Qd2 27. h3
Qc1+ 28. Kh2 a5 29. Rg5 Bd6 30. e5 Bf8 31. Bxd4 Rd8 32. c3 a4 33. Bf7 h6 34.
Rg6 Be2 35. Be3 1-0

[Event "FBL O"]
[Site "Deutschland"]
[Date "2009.12.05"]
[Round "3.4"]
[White "Flemming, Peggy"]
[Black "Schulz, Petra"]
[Result "0-1"]
[WhiteElo "1643"]
[BlackElo "2085"]
[PlyCount "114"]
[EventDate "2009.11.07"]
[EventType "team"]
[EventCountry "GER"]
[WhiteTeam "SG Grün-Weiß Dresden"]
[BlackTeam "BSV Weißblau Allianz Leipzig"]

1. d4 Nf6 2. c4 g6 3. Nf3 Bg7 4. Nc3 d6 5. e3 O-O 6. Be2 Nbd7 7. O-O e5 8. dxe5
dxe5 9. e4 c6 10. Qc2 Qc7 11. b3 Re8 12. Ba3 Bf8 13. Bb2 Nh5 14. Ne1 Nf4 15.
Nd3 Nxd3 16. Bxd3 Nc5 17. Rad1 Ne6 18. Ne2 Bg7 19. Qd2 a5 20. Qe3 Qe7 21. Bb1
a4 22. Rd3 axb3 23. axb3 Qc5 24. Qd2 b5 25. Rc1 b4 26. Rd1 Qe7 27. Rd6 c5 28.
Qe3 Nd4 29. R6xd4 exd4 30. Qd3 f5 31. f3 fxe4 32. fxe4 Bb7 33. Ng3 Bh6 34. Bc1
Bxc1 35. Rxc1 Rf8 36. Re1 Qe5 37. Qd1 Rf6 38. Bd3 Qf4 39. Qe2 Qe5 40. Qg4 Bc8
41. Qe2 Be6 42. Qd2 Bg4 43. Qc1 Ra2 44. Rf1 Kg7 45. Bb1 Rxf1+ 46. Nxf1 Ra7 47.
Bd3 Rf7 48. Qe1 h5 49. h3 Bd7 50. Nd2 Qf4 51. Nf3 Bxh3 52. Qh4 Qxh4 53. Nxh4
Bg4 54. g3 g5 55. Nf5+ Rxf5 56. exf5 Kf6 57. Kf2 Bxf5 0-1

[Event "FBL O"]
[Site "Deutschland"]
[Date "2009.12.05"]
[Round "3.1"]
[White "Gasch, Franziska"]
[Black "Banisch, Anett"]
[Result "1/2-1/2"]
[WhiteElo "1979"]
[BlackElo "2048"]
[PlyCount "96"]
[EventDate "2009.11.07"]
[EventType "team"]
[EventCountry "GER"]
[WhiteTeam "SC Leipzig-Lindenau"]
[BlackTeam "SV Merseburg"]

1. e4 e6 2. d3 d5 3. Nd2 Nf6 4. g3 b6 5. Bg2 Bb7 6. e5 Nfd7 7. d4 c5 8. c3 Nc6
9. Ne2 cxd4 10. cxd4 Ba6 11. Nf3 Bb4+ 12. Bd2 Bxd2+ 13. Qxd2 Bxe2 14. Qxe2 Qe7
15. O-O O-O 16. Rfc1 Rac8 17. Rc3 Ndb8 18. Rac1 Qb7 19. Qd2 Ne7 20. Bf1 Rxc3
21. Rxc3 Rc8 22. Bd3 h6 23. Bc2 Rxc3 24. Qxc3 Qc8 25. Qd3 g6 26. Qd2 Kg7 27. h4
Nbc6 28. g4 Qf8 29. h5 f5 30. exf6+ Qxf6 31. Qe3 gxh5 32. g5 hxg5 33. Nxg5 e5
34. Qg3 Kh6 35. Nf3 e4 36. Ne5 Nxd4 37. Bd1 Nef5 38. Qh2 Qg5+ 39. Kf1 Kg7 40.
Bxh5 Nh4 41. Bd1 Ndf5 42. Ng4 Qc1 43. Qe5+ Kg6 44. Qf6+ Kh7 45. Qf7+ Kh8 46.
Qf8+ Kh7 47. Qf7+ Kh8 48. Qf8+ Kh7 1/2-1/2

[Event "FBL O"]
[Site "Deutschland"]
[Date "2009.12.05"]
[Round "3.2"]
[White "Pflug, Tanja"]
[Black "Daemering, Katrin"]
[Result "1-0"]
[WhiteElo "2055"]
[BlackElo "2050"]
[PlyCount "55"]
[EventDate "2009.11.07"]
[EventType "team"]
[EventCountry "GER"]
[WhiteTeam "SV Merseburg"]
[BlackTeam "SC Leipzig-Lindenau"]

1. f4 d5 2. Nf3 c5 3. g3 Nc6 4. Bg2 g6 5. O-O Bg7 6. d3 Nf6 7. c3 Bf5 8. Qe1
O-O 9. Nh4 Bd7 10. e4 dxe4 11. dxe4 e5 12. f5 Qb6 13. Na3 a6 14. Nc4 Qc7 15.
Bg5 b5 16. Ne3 Ne7 17. Rd1 Rad8 18. Ng4 Nxg4 19. Bxe7 Bh6 20. h3 Ne3 21. Qd2
Nxf5 22. Bxd8 Rxd8 23. Qd5 Ne3 24. Qxf7+ Kh8 25. Nxg6+ hxg6 26. Qxg6 Bg7 27.
Rf7 Be8 28. Qxg7# 1-0

[Event "FBL O"]
[Site "Deutschland"]
[Date "2009.12.05"]
[Round "3.3"]
[White "Niesch, Franziska"]
[Black "Maedel, Katja"]
[Result "1-0"]
[WhiteElo "1904"]
[BlackElo "1993"]
[PlyCount "149"]
[EventDate "2009.11.07"]
[EventType "team"]
[EventCountry "GER"]
[WhiteTeam "SC Leipzig-Lindenau"]
[BlackTeam "SV Merseburg"]

1. d4 d5 2. c4 e6 3. Nc3 c6 4. cxd5 exd5 5. Nf3 f5 6. Bf4 Nf6 7. e3 Be7 8. Bd3
O-O 9. O-O Ne4 10. Bxb8 Rxb8 11. Ne5 Bd6 12. f4 Be6 13. Rf3 Nf6 14. Rh3 g6 15.
a3 c5 16. Nb5 c4 17. Nxd6 Qxd6 18. Bc2 b5 19. Qe1 Qc7 20. Qh4 Qg7 21. Bd1 a5
22. Qe1 Ra8 23. Bf3 Qb7 24. Qh4 b4 25. Nxg6 Rf7 26. Ne5 Rff8 27. Qg5+ Qg7 28.
Rg3 Qxg5 29. Rxg5+ Kh8 30. Nxc4 Rac8 31. Ne5 Rc2 32. axb4 axb4 33. Ra6 Bg8 34.
Rxf5 Kg7 35. Nd3 Ne4 36. Rxf8 Kxf8 37. Bxe4 dxe4 38. Nxb4 Rxb2 39. Ra8+ Kg7 40.
Ra7+ Kg6 41. Rb7 Rb3 42. Kf2 Rb2+ 43. Kg3 Re2 44. d5 Rxe3+ 45. Kf2 Rb3 46. d6
Be6 47. d7 Bxd7 48. Rxd7 Rxb4 49. Ke3 Rb2 50. Rd2 Rb4 51. g4 h5 52. Rd6+ Kg7
53. g5 Rb2 54. Kxe4 Rxh2 55. Kf5 Ra2 56. Rd7+ Kf8 57. Rh7 Kg8 58. Rxh5 Ra5+ 59.
Kg4 Ra4 60. Rh6 Kg7 61. Re6 Rb4 62. Kf5 Kf7 63. g6+ Kg7 64. Kg5 Rb5+ 65. f5 Ra5
66. Re7+ Kf8 67. Kf6 Ra6+ 68. Re6 Ra7 69. Rb6 Ra8 70. g7+ Kg8 71. Kg6 Ra6 72.
Rf6 Ra8 73. Rf8+ Rxf8 74. gxf8=Q+ Kxf8 75. Kf6 1-0

[Event "FBL O"]
[Site "Deutschland"]
[Date "2009.12.05"]
[Round "3.1"]
[White "Kind, Veronika"]
[Black "Burchardt, Brigitte"]
[Result "0-1"]
[WhiteElo "1969"]
[BlackElo "2209"]
[PlyCount "68"]
[EventDate "2009.11.07"]
[EventType "team"]
[EventCountry "GER"]
[WhiteTeam "SV Glück auf Rüdersdorf"]
[BlackTeam "SC Rotation Pankow"]

1. e4 c5 2. Nf3 d6 3. d4 cxd4 4. Nxd4 Nf6 5. Nc3 a6 6. Be2 e5 7. Nb3 Be7 8. O-O
O-O 9. Bg5 Nbd7 10. a4 Qc7 11. Re1 b6 12. Nd2 h6 13. Bxf6 Nxf6 14. Nd5 Nxd5 15.
exd5 Bf5 16. Nc4 b5 17. Ne3 Bd7 18. axb5 axb5 19. Qd3 Rxa1 20. Rxa1 f5 21. f3
Qc5 22. Kh1 Bg5 23. Nd1 e4 24. Qb3 Re8 25. fxe4 fxe4 26. c4 b4 27. Qg3 Rf8 28.
Ra6 Qd4 29. h4 Bf4 30. Qf2 e3 31. Qe1 Qe5 32. Qxb4 Bg4 33. Nc3 Qh5 34. Bxg4
Qxg4 0-1

[Event "FBL O"]
[Site "Deutschland"]
[Date "2009.12.05"]
[Round "3.2"]
[White "Mai, Iris"]
[Black "Pachow, Steffi"]
[Result "1-0"]
[WhiteElo "2146"]
[BlackElo "2003"]
[PlyCount "93"]
[EventDate "2009.11.07"]
[EventType "team"]
[EventCountry "GER"]
[WhiteTeam "SC Rotation Pankow"]
[BlackTeam "SV Glück auf Rüdersdorf"]

1. d4 Nf6 2. c4 g6 3. Nc3 Bg7 4. e4 d6 5. Nf3 O-O 6. Be2 c5 7. O-O a6 8. d5 b5
9. cxb5 axb5 10. Bxb5 Ba6 11. Re1 Qb6 12. a4 Nfd7 13. Bg5 Re8 14. Qe2 Bxb5 15.
axb5 Ra5 16. Bd2 Qa7 17. Rxa5 Qxa5 18. Nb1 Qa2 19. Bc3 Nb6 20. Bxg7 Kxg7 21.
Nc3 Qb3 22. e5 Nxd5 23. exd6 e6 24. Nxd5 Qxd5 25. Rd1 Qb7 26. Qe5+ f6 27. Qxc5
Rc8 28. Qe3 Qd7 29. h3 Qxb5 30. Qxe6 Re8 31. Qd5 Qxb2 32. d7 Rd8 33. Qe6 Qa3
34. Rd6 Qc1+ 35. Ne1 Qf4 36. g3 Qe5 37. Qxe5 fxe5 38. Nf3 Rxd7 39. Re6 Rd1+ 40.
Kg2 Nd7 41. Ng5 h6 42. Ne4 Kf7 43. Rc6 Rd3 44. g4 Rd4 45. f3 Rd5 46. h4 Rb5 47.
Nd6+ 1-0

[Event "FBL O"]
[Site "Deutschland"]
[Date "2009.12.05"]
[Round "3.3"]
[White "Goering, Carsta"]
[Black "Wagner Michel, Annett"]
[Result "0-1"]
[WhiteElo "1705"]
[BlackElo "2122"]
[PlyCount "74"]
[EventDate "2009.11.07"]
[EventType "team"]
[EventCountry "GER"]
[WhiteTeam "SV Glück auf Rüdersdorf"]
[BlackTeam "SC Rotation Pankow"]

1. e4 c5 2. Nf3 d6 3. d4 cxd4 4. Nxd4 Nf6 5. Nc3 a6 6. a4 e5 7. Nb3 Be6 8. Be2
d5 9. exd5 Nxd5 10. O-O Bb4 11. Nxd5 Bxd5 12. c4 Be6 13. Qxd8+ Kxd8 14. Be3 Nd7
15. Rfd1 Ke7 16. Nd2 Rac8 17. Rac1 f5 18. Bg5+ Kf7 19. Nf3 h6 20. Bd2 Bxd2 21.
Rxd2 Kf6 22. b4 Nb6 23. c5 Nxa4 24. Bd1 Nb6 25. Rd6 Nd5 26. Bb3 Rhd8 27. Rxd8
Rxd8 28. Rd1 Bf7 29. h3 e4 30. Ne1 Ke5 31. f4+ Kxf4 32. Kh2 Ke5 33. Nc2 f4 34.
Kg1 Rf8 35. Ba4 Nc3 36. Ra1 Nxa4 37. Rxa4 Bb3 0-1

[Event "FBL O"]
[Site "Deutschland"]
[Date "2009.12.05"]
[Round "3.4"]
[White "Schulz, Stefanie"]
[Black "Voigt, Anna"]
[Result "1/2-1/2"]
[WhiteElo "2109"]
[BlackElo "2076"]
[PlyCount "172"]
[EventDate "2009.11.07"]
[EventType "team"]
[EventCountry "GER"]
[WhiteTeam "SC Rotation Pankow"]
[BlackTeam "SV Glück auf Rüdersdorf"]

1. e4 e6 2. d3 d5 3. Nd2 Nf6 4. Ngf3 Be7 5. c3 O-O 6. Qc2 c5 7. Be2 Nc6 8. O-O
b6 9. Rd1 Ba6 10. Nf1 Qc7 11. Ng3 Rac8 12. exd5 Nxd5 13. Qa4 Bb7 14. d4 Rfd8
15. dxc5 Bxc5 16. Ne4 Be7 17. Bg5 Bxg5 18. Nexg5 h6 19. Ne4 Qe7 20. Ng3 Rc7 21.
Rd2 Nf6 22. Rad1 Rxd2 23. Rxd2 Rd7 24. Qd1 Qd8 25. Rxd7 Qxd7 26. Qxd7 Nxd7 27.
Ne4 Ne7 28. Nd6 Bd5 29. c4 Ba8 30. Nd4 Nc5 31. N4b5 a5 32. f3 Kf8 33. Kf2 Na4
34. b3 Nc5 35. g4 Bc6 36. Nd4 Ba8 37. Ke3 Nb7 38. N6b5 Nc5 39. Nd6 Nc6 40. Nxc6
Bxc6 41. Kd4 Ba8 42. Kc3 Nd7 43. a3 Ke7 44. Nb5 Ne5 45. Nd4 f6 46. b4 axb4+ 47.
axb4 Nd7 48. Kd2 Bb7 49. Ke3 Ba8 50. Nb3 Kd6 51. Nd2 Bb7 52. Ne4+ Kc6 53. f4
Kc7 54. h4 Bc8 55. g5 hxg5 56. hxg5 Kc6 57. Bh5 fxg5 58. Nxg5 e5 59. Bf3+ Kd6
60. Nf7+ Ke6 61. Bd5+ Kf6 62. Nd6 exf4+ 63. Kxf4 g5+ 64. Kg3 Ba6 65. b5 Bxb5
66. Nxb5 Ne5 67. Nc3 Ke7 68. Ne4 Kd7 69. Nxg5 Nd3 70. Ne4 Kc7 71. Kf3 Nb4 72.
Nc3 Kd6 73. Ke4 Na6 74. Kd4 Kc7 75. Ke5 Kd7 76. Na4 Kc7 77. Ke6 Nb4 78. Be4 Na6
79. Ke7 Nb4 80. Nc3 Nc6+ 81. Bxc6 Kxc6 82. Ne4 b5 83. c5 b4 84. Ke6 b3 85. Ke5
b2 86. Nc3 Kxc5 1/2-1/2

[Event "FBL O"]
[Site "Deutschland"]
[Date "2009.12.05"]
[Round "3.1"]
[White "Jaracz, Barbara"]
[Black "Von Herman, Brigitte"]
[Result "1-0"]
[WhiteElo "2276"]
[BlackElo "2108"]
[PlyCount "67"]
[EventDate "2009.11.07"]
[EventType "team"]
[EventCountry "GER"]
[WhiteTeam "SV Guben 1990"]
[BlackTeam "USV Potsdam"]

1. e4 e5 2. Nf3 d6 3. d4 exd4 4. Nxd4 Nf6 5. Nc3 Be7 6. Bc4 O-O 7. Bb3 Nc6 8.
Nxc6 bxc6 9. O-O Re8 10. Bf4 Nd7 11. Qh5 Rf8 12. Rad1 Bf6 13. Rfe1 Ne5 14. h3
Be6 15. Bg3 g6 16. Qe2 Bxb3 17. axb3 Bg7 18. f4 Nd7 19. Qc4 c5 20. e5 Nb6 21.
Qf1 Qd7 22. Ne4 Nc8 23. Qf3 Ne7 24. Nxc5 Qb5 25. Ne4 dxe5 26. fxe5 Nf5 27. Nc3
Qa6 28. Bf2 Rfe8 29. Nd5 Qc8 30. g4 Ne7 31. Nf6+ Kh8 32. Nxe8 Qxe8 33. Bh4 Ng8
34. Bf6 1-0

[Event "FBL O"]
[Site "Deutschland"]
[Date "2009.12.05"]
[Round "3.2"]
[White "Nuenchert, Eveline"]
[Black "Fojudzka, Anna"]
[Result "1/2-1/2"]
[WhiteElo "2114"]
[BlackElo "2227"]
[PlyCount "75"]
[EventDate "2009.11.07"]
[EventType "team"]
[EventCountry "GER"]
[WhiteTeam "USV Potsdam"]
[BlackTeam "SV Guben 1990"]

1. Nf3 d5 2. g3 g6 3. Bg2 Bg7 4. O-O e5 5. d3 Ne7 6. Nbd2 O-O 7. e4 c6 8. Qe2
Qc7 9. Re1 d4 10. Nf1 c5 11. Nh4 Nbc6 12. f4 Bd7 13. h3 Rae8 14. Qf2 f5 15.
exf5 Nxf5 16. Nf3 Nd6 17. fxe5 Nxe5 18. Bf4 Nxf3+ 19. Qxf3 Bc6 20. Qg4 Bxg2 21.
Kxg2 Qc6+ 22. Kg1 Nf5 23. Qd1 h6 24. Bd2 Be5 25. Re4 Bxg3 26. Qe2 Bc7 27. Qg2
Rxe4 28. Qxe4 Qd6 29. Re1 Ng3 30. Qg2 Nxf1 31. Rxf1 Rxf1+ 32. Kxf1 Qf6+ 33. Ke2
Qe5+ 34. Kf1 Qh5 35. Ke1 Qh4+ 36. Kd1 Qh5+ 37. Kc1 Qf5 38. Bxh6 1/2-1/2

[Event "FBL O"]
[Site "Deutschland"]
[Date "2009.12.05"]
[Round "3.3"]
[White "Demidowicz, Maria"]
[Black "Penne, Bo"]
[Result "1-0"]
[WhiteElo "2082"]
[BlackElo "1990"]
[PlyCount "73"]
[EventDate "2009.11.07"]
[EventType "team"]
[EventCountry "GER"]
[WhiteTeam "SV Guben 1990"]
[BlackTeam "USV Potsdam"]

1. e4 e6 2. d4 d5 3. Nc3 Bb4 4. e5 c5 5. a3 Bxc3+ 6. bxc3 Ne7 7. Qg4 O-O 8. Bd3
f5 9. exf6 Rxf6 10. Bg5 Rf7 11. Qh4 g6 12. Nf3 Nbc6 13. O-O c4 14. Be2 Qc7 15.
Bf6 Nf5 16. Qg5 Qa5 17. Ne5 Nxe5 18. Bxe5 Bd7 19. Qd2 Rc8 20. g3 Rc6 21. h4 Nd6
22. h5 Be8 23. Kg2 Kf8 24. Bg4 Ne4 25. Qh6+ Ke7 26. hxg6 hxg6 27. f3 Nxc3 28.
Qxg6 Nb5 29. Qg5+ Kd7 30. Bh5 Re7 31. Bf6 Bxh5 32. Bxe7 Be8 33. Bb4 Qd8 34.
Qg7+ Kc8 35. Rh1 Nd6 36. Rae1 Nf5 37. Qe5 1-0

[Event "FBL O"]
[Site "Deutschland"]
[Date "2009.12.06"]
[Round "4.1"]
[White "Pflug, Tanja"]
[Black "Szczepkowska Horowska, Karina"]
[Result "0-1"]
[WhiteElo "2055"]
[BlackElo "2318"]
[PlyCount "72"]
[EventDate "2009.11.07"]
[EventType "team"]
[EventCountry "GER"]
[WhiteTeam "SV Merseburg"]
[BlackTeam "BSV Weißblau Allianz Leipzig"]

1. f4 g6 2. Nf3 d5 3. g3 Bg7 4. Bg2 Nf6 5. O-O O-O 6. d3 c5 7. c3 Nc6 8. Qe1 d4
9. c4 Rb8 10. Na3 a6 11. Nh4 Ng4 12. Nc2 Nh6 13. Rb1 a5 14. a3 a4 15. Bd2 Bf6
16. Nf3 Qb6 17. h3 Bg7 18. g4 f5 19. g5 Nf7 20. h4 e5 21. h5 gxh5 22. Nh4 Ne7
23. Bf3 Ng6 24. Bxh5 Nxf4 25. Bxf4 exf4 26. g6 Ne5 27. gxh7+ Kh8 28. Qf2 Qh6
29. Bf3 Ng4 30. Bxg4 fxg4 31. Qh2 Kxh7 32. b4 axb3 33. Rxb3 Bd7 34. Ne1 Bc6 35.
Rb6 Rbe8 36. Rb2 Re3 0-1

[Event "FBL O"]
[Site "Deutschland"]
[Date "2009.12.06"]
[Round "4.2"]
[White "Levushkina, Elena"]
[Black "Maedel, Katja"]
[Result "1-0"]
[WhiteElo "2307"]
[BlackElo "1993"]
[PlyCount "27"]
[EventDate "2009.11.07"]
[EventType "team"]
[EventCountry "GER"]
[WhiteTeam "BSV Weißblau Allianz Leipzig"]
[BlackTeam "SV Merseburg"]

1. e4 e5 2. d4 exd4 3. Qxd4 Nc6 4. Qe3 d6 5. Nc3 Nf6 6. Bd2 Be6 7. O-O-O Qe7 8.
f3 Bd7 9. Nh3 O-O-O 10. Nf4 g6 11. Ncd5 Nxd5 12. Nxd5 Qh4 13. g3 Qh5 14. g4 1-0

[Event "FBL O"]
[Site "Deutschland"]
[Date "2009.12.06"]
[Round "4.5"]
[White "Schwebbach, Angelika"]
[Black "Just, Anita"]
[Result "1-0"]
[WhiteElo "1859"]
[BlackElo "1992"]
[PlyCount "251"]
[EventDate "2009.11.07"]
[EventType "team"]
[EventCountry "GER"]
[WhiteTeam "SV Merseburg"]
[BlackTeam "BSV Weißblau Allianz Leipzig"]

1. e4 e6 2. d4 d5 3. exd5 exd5 4. Bd3 Bd6 5. Nf3 Nc6 6. O-O Bg4 7. c3 Nge7 8.
Be3 Qd7 9. Nbd2 O-O-O 10. b4 Bf5 11. Be2 Rde8 12. b5 Nd8 13. a4 Ng6 14. Re1 Nf4
15. Bxf4 Bxf4 16. Nb3 Ne6 17. Bf1 Bg4 18. Qd3 f6 19. a5 Bd6 20. g3 Nd8 21. Bg2
Bf5 22. Qf1 Rxe1 23. Rxe1 Re8 24. Nfd2 Rxe1 25. Qxe1 Qxb5 26. Bf1 Qd7 27. Bg2
c6 28. Qf1 Nf7 29. c4 dxc4 30. Nxc4 Kc7 31. Ne3 Be6 32. d5 cxd5 33. Nxd5+ Kd8
34. Qd1 Ne5 35. Nf4 Bxb3 36. Qxb3 Kc8 37. Qg8+ Qd8 38. Bxb7+ Kd7 39. Qe6+ Kc7
40. Qd5 Kd7 41. Ne6 Qb8 42. a6 Ke7 43. Nxg7 Kf8 44. Ne6+ Ke8 45. Nd4 Kf8 46.
Qe6 Qd8 47. Qf5 Kg8 48. Ne6 Qe7 49. Nd4 Qd8 50. Be4 Qe7 51. Qc8+ Qf8 52. Bd5+
Kh8 53. Qb7 Qe7 54. Qa8+ Qf8 55. Qxa7 Bc5 56. Ne6 Bxa7 57. Nxf8 Nd3 58. Ne6
Nxf2 59. Kg2 Nd3 60. Nc7 Nb4 61. Bb7 Bb6 62. Nb5 Nxa6 63. Bxa6 Kg7 64. Nd6 Ba7
65. Bc4 Kf8 66. Nf5 Bb6 67. Kf3 Bg1 68. h3 Bb6 69. Ke4 Ba5 70. Kd3 Be1 71. g4
Ba5 72. Ne3 Kg7 73. Nd5 Kg6 74. Ke3 Bd8 75. Kf4 h5 76. Ne3 hxg4 77. hxg4 Bc7+
78. Kf3 Kg5 79. Be6 Be5 80. Ke4 Bb2 81. Nc4 Bc3 82. Nd6 Bb2 83. Bf5 Kh6 84. Kd5
Kg5 85. Ke6 Ba1 86. Ne4+ Kh6 87. Kf7 Bb2 88. Be6 Bc1 89. Nxf6 Kg5 90. Ne4+ Kf4
91. Bf5 Ke5 92. Nf2 Kd5 93. Kg6 Be3 94. Nh3 Bc1 95. Bc8 Ke5 96. Nf2 Kd5 97. Kf5
Bd2 98. Nh3 Bh6 99. Nf4+ Kc6 100. Ng6 Kc7 101. Ba6 Kb6 102. Be2 Kc5 103. Ke5
Kc6 104. Nh4 Bc1 105. Bf3+ Kd7 106. Kd5 Bd2 107. Be4 Ke7 108. Ke5 Be1 109. Nf5+
Kf7 110. Kf4 Kg6 111. Ne3+ Kf7 112. g5 Bc3 113. g6+ Ke6 114. Bf5+ Kd6 115. Ke4
Kc6 116. Be6 Bb2 117. Kf5 Bc3 118. Ng4 Bg7 119. Nf6 Kb5 120. Bf7 Kc6 121. Ke6
Kb5 122. Be8+ Kc4 123. Kf7 Bh8 124. Nh5 Kd5 125. Ng7 Ke5 126. Kg8 1-0

[Event "FBL O"]
[Site "Deutschland"]
[Date "2009.12.06"]
[Round "4.1"]
[White "Lorenz, Nicole"]
[Black "Gasch, Franziska"]
[Result "0-1"]
[WhiteElo "1889"]
[BlackElo "1979"]
[PlyCount "64"]
[EventDate "2009.11.07"]
[EventType "team"]
[EventCountry "GER"]
[WhiteTeam "SG Grün-Weiß Dresden"]
[BlackTeam "SC Leipzig-Lindenau"]

1. e4 d5 2. exd5 Nf6 3. d4 Nxd5 4. c4 Nb6 5. Nc3 e5 6. dxe5 Qxd1+ 7. Nxd1 Nc6
8. Nf3 Bg4 9. Be2 O-O-O 10. Bf4 Bb4+ 11. Nc3 Rhe8 12. O-O Bxc3 13. bxc3 Bxf3
14. Bxf3 Nxe5 15. Bxe5 Rxe5 16. Rab1 c6 17. Rfd1 Nxc4 18. Rxd8+ Kxd8 19. Rd1+
Kc7 20. g3 Ra5 21. Be2 Nd6 22. Rd2 Ne4 23. Rc2 Ra3 24. Bc4 Rxc3 25. Rxc3 Nxc3
26. Bxf7 b5 27. f4 c5 28. a3 Kd6 29. Kf2 c4 30. Ke3 Kc5 31. Be8 Nb1 32. a4 b4
0-1

[Event "FBL O"]
[Site "Deutschland"]
[Date "2009.12.06"]
[Round "4.2"]
[White "Daemering, Katrin"]
[Black "Morgenstern, Petra"]
[Result "0-1"]
[WhiteElo "2050"]
[BlackElo "1961"]
[PlyCount "80"]
[EventDate "2009.11.07"]
[EventType "team"]
[EventCountry "GER"]
[WhiteTeam "SC Leipzig-Lindenau"]
[BlackTeam "SG Grün-Weiß Dresden"]

1. e4 c5 2. Nf3 d6 3. d4 cxd4 4. Nxd4 Nf6 5. Nc3 a6 6. Bg5 e6 7. f4 Be7 8. Qf3
Qc7 9. O-O-O Nbd7 10. g4 b5 11. Bxf6 Bxf6 12. Ndxb5 axb5 13. Nxb5 Qa5 14. Nxd6+
Ke7 15. Bc4 Nb6 16. Bb3 Rd8 17. e5 Bh4 18. Rd2 Kf8 19. Qh3 g5 20. Qf3 Ra7 21.
Rhd1 Rad7 22. Qe4 gxf4 23. Qxh7 Qxe5 24. Qh6+ Kg8 25. Qxh4 Rxd6 26. Rxd6 Rxd6
27. Re1 Qd4 28. c3 Qd2+ 29. Kb1 f3 30. Bc2 f2 31. Rf1 Ba6 32. Qxf2 Bxf1 33.
Qxf1 Nd5 34. Qg1 Nf4 35. a4 Ne2 36. Qc5 Qf4 37. h3 Rd5 38. Qc8+ Kg7 39. Ka2 Rd2
40. Kb1 Qf1+ 0-1

[Event "FBL O"]
[Site "Deutschland"]
[Date "2009.12.06"]
[Round "4.3"]
[White "Kosovska, Olena"]
[Black "Niesch, Franziska"]
[Result "0-1"]
[WhiteElo "1850"]
[BlackElo "1904"]
[PlyCount "44"]
[EventDate "2009.11.07"]
[EventType "team"]
[EventCountry "GER"]
[WhiteTeam "SG Grün-Weiß Dresden"]
[BlackTeam "SC Leipzig-Lindenau"]

1. c4 Nf6 2. Nc3 c6 3. d4 d5 4. e3 Bg4 5. Qb3 Bc8 6. Nf3 e6 7. Bd3 Nbd7 8. O-O
Bd6 9. e4 dxe4 10. Nxe4 Nxe4 11. Bxe4 h6 12. d5 Nc5 13. Qc2 cxd5 14. cxd5 exd5
15. Bxd5 Bxh2+ 16. Nxh2 Qxd5 17. b4 Ne6 18. Bb2 Nf4 19. f3 O-O 20. Rfd1 Qb5 21.
Qe4 Ne2+ 22. Kh1 Ng3+ 0-1

[Event "FBL O"]
[Site "Deutschland"]
[Date "2009.12.06"]
[Round "4.4"]
[White "Neumeyer, Hannelore"]
[Black "Flemming, Peggy"]
[Result "1-0"]
[WhiteElo "2055"]
[BlackElo "1643"]
[PlyCount "51"]
[EventDate "2009.11.07"]
[EventType "team"]
[EventCountry "GER"]
[WhiteTeam "SC Leipzig-Lindenau"]
[BlackTeam "SG Grün-Weiß Dresden"]

1. d4 d5 2. e4 dxe4 3. Nc3 Nf6 4. f3 exf3 5. Nxf3 Bg4 6. Bc4 e6 7. O-O Bd6 8.
Qe1 O-O 9. Bg5 Bxf3 10. Rxf3 Bxh2+ 11. Kh1 Qxd4 12. Bd3 h6 13. Bxf6 gxf6 14.
Kxh2 Qe5+ 15. Rg3+ Kh8 16. Qd2 Qh5+ 17. Rh3 Qg5 18. Rxh6+ Kg7 19. Rh7+ Kg8 20.
Qxg5+ fxg5 21. Kg3 f5 22. Rah1 Rf7 23. Rh8+ Kg7 24. Bc4 Re7 25. R1h7+ Kf6 26.
Rf8+ 1-0

[Event "FBL O"]
[Site "Deutschland"]
[Date "2009.12.06"]
[Round "4.1"]
[White "Burchardt, Brigitte"]
[Black "Jaracz, Barbara"]
[Result "1-0"]
[WhiteElo "2209"]
[BlackElo "2276"]
[PlyCount "77"]
[EventDate "2009.11.07"]
[EventType "team"]
[EventCountry "GER"]
[WhiteTeam "SC Rotation Pankow"]
[BlackTeam "SV Guben 1990"]

1. e4 e5 2. Nf3 Nc6 3. Bc4 Bc5 4. O-O Nf6 5. d3 d6 6. h3 O-O 7. c3 a6 8. Bg5 h6
9. Bh4 Be6 10. Nbd2 Qe7 11. Nh2 g5 12. Bg3 Ba7 13. Kh1 Kg7 14. Bb3 h5 15. h4 g4
16. f3 Rh8 17. Qe2 Rag8 18. f4 Kf8 19. Bxe6 Qxe6 20. fxe5 dxe5 21. Rf5 Rg6 22.
Nc4 Nd7 23. Nf1 b5 24. Nce3 Ne7 25. a4 b4 26. Rd1 bxc3 27. bxc3 Rf6 28. Rxf6
Qxf6 29. Nd2 Bxe3 30. Qxe3 Ng6 31. Rf1 Qe7 32. Qf2 Nc5 33. d4 Nxa4 34. dxe5
Nxc3 35. e6 Nb5 36. exf7 Rh7 37. Qf5 Kg7 38. Be5+ Nxe5 39. f8=Q+ 1-0

[Event "FBL O"]
[Site "Deutschland"]
[Date "2009.12.06"]
[Round "4.2"]
[White "Fojudzka, Anna"]
[Black "Mai, Iris"]
[Result "1/2-1/2"]
[WhiteElo "2227"]
[BlackElo "2146"]
[PlyCount "44"]
[EventDate "2009.11.07"]
[EventType "team"]
[EventCountry "GER"]
[WhiteTeam "SV Guben 1990"]
[BlackTeam "SC Rotation Pankow"]

1. e4 c5 2. Nf3 e6 3. d4 cxd4 4. Nxd4 a6 5. Nc3 Qc7 6. g3 Nf6 7. Bg2 Nc6 8. Nb3
d6 9. a4 b6 10. O-O Rb8 11. f4 Be7 12. Be3 O-O 13. g4 d5 14. g5 Nxe4 15. Nxe4
dxe4 16. Bxe4 f5 17. gxf6 Bxf6 18. c3 Ne7 19. Nd4 Nf5 20. Nxf5 exf5 21. Bd5+
Kh8 22. Qf3 Bb7 1/2-1/2